| 000 | 01918nam a2200241 a 4500 | ||
|---|---|---|---|
| 003 | DO-SdBNP | ||
| 005 | 20211006115023.0 | ||
| 007 | ta | ||
| 008 | 211005e2015 dr ad||fr|||| 00| edspa d | ||
| 020 | _a9789945888911 | ||
| 040 |
_aDO-SdBNP _bspa _cBNPHU |
||
| 082 | _bR457e | ||
| 100 | 1 |
_aReyes Henríquez, Luis T. _980121 |
|
| 245 | 0 | 0 |
_aEvaluación económica del sistema dominicano de seguridad social, 2001-2015 / _bLuis T. Reyes Henríquez; prólogo de Raúl E. Hernández Báez |
| 260 |
_aSanto Domingo : _bCipriano, SRL, _c2019 |
||
| 300 |
_a269 p. : _bil., gráf. ; _c23 cm. |
||
| 500 | _aIncluye biografía del autor en las solapas. | ||
| 500 | _aIncluye bibliografía y notas al pié de páginas. | ||
| 505 | 0 |
_aPrólogo. _gTítulo 1. _tEvasión Contributiva.-- _gTítulo 2. _tLa informalidad y el Sistema Dominicano de Seguro.-- _gTítulo 3. _tDeterminantes a la cotización del sistema de ahorro Previsional Dominicano: un enfoque econométrico (I).-- _gTítulo 4. _tDeterminantes a la cotización del sistema de salud dominicano: un enfoque econométrico (II).-- _gTítulo 6. _tFondo Nacional de Atención Médica por Accidentes de Tránsito: Contexto, Análisis y Equilibrio Financiero.-- _gTítulo 7. _tBonos de Reconocimiento Perspectiva Fiscal del Sistema Previsional Dominicano.-- _gTítulo 8. _tFondos de Pensiones Dominicanos: Revisión Regulatoria de Intervenciones y Determinación de Frontera Eficiente de Portafolio.-- _gTítulo 9 _tDéficit Operacional del Sistema de Reparto: Perspectiva Fiscal del sistema Previsional Dominicano (III).-- _gTítulo 10. _tImpacto de los cargos por Comisiones en los Fondos de Pensiones Dominicanos.-- _gTítulo 11. _tPensión mínima Perspectiva Fiscal del Sistema Previsional Dominicano (III).-- _gTítulo 12. _tImpacto Macroeconó de los Fondos de Pensiones. |
|
| 590 | _aInventariado 2021 / MF | ||
| 700 | 1 |
_975167 _aHernández Báez, Raúl E., _epról. |
|
| 942 |
_2ddc _cLBS1 |
||
| 999 |
_c50706 _d50706 |
||